Statistiche per Pokémon di Kanto

Clicka qui per fare il quiz!

Statistiche generali

  • Questo quiz è stato fatto 102 volte
  • Il punteggio medio è 80 su 151

Statistiche sulle risposte

PokédexTipoPokémon% Corretto
#001Erba/VelenoBulbasaur
95%
#007AcquaSquirtle
92%
#009AcquaBlastoise
91%
#006Fuoco/VolanteCharizard
91%
#004FuocoCharmander
91%
#003Erba/VelenoVenusaur
89%
#025ElettroPikachu
88%
#005FuocoCharmeleon
86%
#002Erba/VelenoIvysaur
86%
#018Normale/VolantePidgeot
86%
#017Normale/VolantePidgeotto
83%
#026ElettroRaichu
83%
#016Normale/VolantePidgey
82%
#151PsicoMew
80%
#011ColeotteroMetapod
78%
#010ColeotteroCaterpie
77%
#149Drago/VolanteDragonite
77%
#008AcquaWartortle
75%
#150PsicoMewtwo
74%
#144Ghiaccio/VolanteArticuno
72%
#147DragoDratini
72%
#146Fuoco/VolanteMoltres
72%
#145Elettro/VolanteZapdos
72%
#015Coleottero/VelenoBeedrill
71%
#074Roccia/TerraGeodude
71%
#076Roccia/TerraGolem
71%
#148DragoDragonair
69%
#094Spettro/VelenoGengar
69%
#014Coleottero/VelenoKakuna
69%
#019NormaleRattata
69%
#012Coleottero/VolanteButterfree
68%
#133NormaleEevee
68%
#021Normale/VolanteSpearow
68%
#013Coleottero/VelenoWeedle
68%
#092Spettro/VelenoGastly
66%
#064PsicoKadabra
66%
#020NormaleRaticate
66%
#063PsicoAbra
65%
#022Normale/VolanteFearow
65%
#136FuocoFlareon
65%
#075Roccia/TerraGraveler
65%
#033VelenoNidorino
65%
#065PsicoAlakazam
63%
#059FuocoArcanine
63%
#034Veleno/TerraNidoking
63%
#031Veleno/TerraNidoqueen
63%
#030VelenoNidorina
63%
#134AcquaVaporeon
63%
#058FuocoGrowlithe
62%
#093Spettro/VelenoHaunter
62%
#135ElettroJolteon
62%
#129AcquaMagikarp
62%
#024VelenoArbok
60%
#023VelenoEkans
60%
#068LottaMachamp
60%
#143NormaleSnorlax
60%
#066LottaMachop
57%
#095Roccia/TerraOnix
57%
#039Normale/FollettoJigglypuff
55%
#067LottaMachoke
55%
#077FuocoPonyta
55%
#050TerraDiglett
54%
#051TerraDugtrio
52%
#043Erba/VelenoOddish
52%
#044Erba/VelenoGloom
51%
#130Acqua/VolanteGyarados
51%
#126FuocoMagmar
51%
#045Erba/VelenoVileplume
51%
#106LottaHitmonlee
49%
#109VelenoKoffing
49%
#131Acqua/GhiaccioLapras
49%
#089VelenoMuk
49%
#078FuocoRapidash
49%
#028TerraSandslash
49%
#037FuocoVulpix
49%
#040Normale/FollettoWigglytuff
49%
#041Veleno/VolanteZubat
49%
#042Veleno/VolanteGolbat
48%
#088VelenoGrimer
48%
#107LottaHitmonchan
48%
#081Elettro/AcciaioMagnemite
48%
#082Elettro/AcciaioMagneton
48%
#038FuocoNinetales
48%
#053NormalePersian
48%
#049Coleottero/VelenoVenomoth
48%
#069Erba/VelenoBellsprout
46%
#036FollettoClefable
46%
#035FollettoClefairy
46%
#140Roccia/AcquaKabuto
46%
#142Roccia/VolanteAerodactyl
45%
#101ElettroElectrode
45%
#141Roccia/AcquaKabutops
45%
#062Acqua/LottaPoliwrath
45%
#027TerraSandshrew
45%
#086AcquaSeel
45%
#120AcquaStaryu
45%
#072Acqua/VelenoTentacool
45%
#073Acqua/VelenoTentacruel
45%
#087Acqua/GhiaccioDewgong
43%
#084Normale/VolanteDoduo
43%
#052NormaleMeowth
43%
#139Roccia/AcquaOmastar
43%
#060AcquaPoliwag
43%
#061AcquaPoliwhirl
43%
#112Terra/RocciaRhydon
43%
#121Acqua/PsicoStarmie
43%
#048Coleottero/VelenoVenonat
43%
#100ElettroVoltorb
43%
#070Erba/VelenoWeepinbell
43%
#110VelenoWeezing
43%
#085Normale/VolanteDodrio
42%
#056LottaMankey
42%
#122Psico/FollettoMr. Mime
42%
#138Roccia/AcquaOmanyte
42%
#054AcquaPsyduck
42%
#125ElettroElectabuzz
40%
#097PsicoHypno
40%
#127ColeotteroPinsir
40%
#071Erba/VelenoVictreebel
40%
#113NormaleChansey
38%
#096PsicoDrowzee
38%
#055AcquaGolduck
38%
#128NormaleTauros
38%
#132NormaleDitto
37%
#124Ghiaccio/PsicoJynx
37%
#046Coleottero/ErbaParas
37%
#057LottaPrimeape
37%
#111Terra/RocciaRhyhorn
37%
#047Coleottero/ErbaParasect
35%
#079Acqua/PsicoSlowpoke
35%
#114ErbaTangela
35%
#118AcquaGoldeen
34%
#115NormaleKangaskhan
34%
#119AcquaSeaking
34%
#080Acqua/PsicoSlowbro
34%
#137NormalePorygon
32%
#104TerraCubone
31%
#103Erba/PsicoExeggutor
31%
#123Coleottero/VolanteScyther
31%
#116AcquaHorsea
29%
#105TerraMarowak
29%
#117AcquaSeadra
29%
#102Erba/PsicoExeggcute
28%
#091Acqua/GhiaccioCloyster
26%
#083Normale/VolanteFarfetch'd
26%
#032VelenoNidoran♂️
26%
#029VelenoNidoran♀️
26%
#099AcquaKingler
25%
#098AcquaKrabby
23%
#108NormaleLickitung
23%
#090AcquaShellder
23%

Distribuzione punteggi

Percentile per numero di risposta

Percentuale di utenti per punteggio

I tuoi punteggi nel tempo

Non hai fatto questo quiz